| 000 | 01055nam a2200265Ia 4500 | ||
|---|---|---|---|
| 003 | GCL | ||
| 005 | 20240530095210.0 | ||
| 008 | 140319s9999 xx 000 0 ara d | ||
| 020 | _a7875040977 | ||
| 040 |
_aGCL / _cGCL |
||
| 082 | 0 | 4 |
_a923.2 _bق/م ن |
| 100 | 1 | _aعبدالرازق عبدالرازق عيسى | |
| 245 | 1 | 0 |
_aالنزهة الزهية فى ذكر ولاة مصر والقاهرة المعزية / _cعبدالرازق عبدالرازق عيسى |
| 250 | _aالاولى | ||
| 260 |
_aالقاهرة : _bالعربى للنشر والتوزيع ، _c1998 |
||
| 300 |
_a329 ص ؛ _c24 سم |
||
| 490 |
_aالمكتبة التاريخية _v0 |
||
| 650 | 0 | 4 | _aالخلفاء |
| 650 | 0 | 4 | _aمصر - تاريخ |
| 650 | 0 | 4 | _aمصر - تاريخ - العصر العثمانى ( 1517-1914 م ) |
| 650 | 0 | 4 | _aمصر - الملوك والحكام |
| 650 | 0 | 4 | _aالوصايا على العرش |
| 700 | 1 | _aابوالسرور البكرى، ابوالسرور بن محمد بن على، توفى بعد 1598 م | |
| 942 |
_2ddc _cBK |
||
| 999 |
_c4862 _d4862 |
||